000 00990nam0a22002531 4500
001 rc\1116317
005 20041126174333.2
035 _a(NLR Aleph) 006359773
090 _a4889648
_c4889648
100 _a20041126d1982 u |0rusy50 ca
101 0 _arus
102 _aRU
105 _ay |||||||||
200 1 _aНаучные основы профессионального самоопределения учащихся
_eСб. науч. тр.
_fВНИИ проф.-техн. образования
_g[Редкол.: В.Г. Каневец (отв. ред.) и др.]
210 _aЛ.
_cВНИИпрофтехобразования
_d1982
215 _a72 с.
_d20
320 _aБиблиогр. в конце ст.
702 1 _aКаневец
_bВ. Г.
_4340
712 0 2 _aВНИИ проф.- техн. образования
_cЛенинград
_3RU\NLR\AUTH\8810015015
801 0 _aRU
_bNLR
_gpsbo
801 1 _aRU
_bELAR
_2rusmarc
852 _aNLR
_j83-6/3358
942 _cBOOK
980 _aNB